000 00332nam a22001337a 4500
008 170627b xxu||||| |||| 00| 0 eng d
020 _a031269892217
041 _aeng
080 _a05
100 _a21
101 _aGJL
245 _aA WORLD OF IDEALS ESSENTIAL EWADINGS COLLEGE WRITERS
_cJACOBUS.L.A
942 _2udc
_cBK
999 _c19291
_d19291